000 00455nam a2200181Ia 4500
008 090124s9999 xx 000 0 und d
082 _b44759
100 _aमाने लक्ष्मण
245 _a उपरा
250 _a4
260 _c1988
300 _a157
600 _aमाने लक्ष्मण
630 _a उपरा
700 _aमाने लक्ष्मण
730 _a उपरा
942 _cBOOK
999 _c110968
_d110968